Managerial accounting : (Record no. 22139)
[ view plain ]
| 000 -LEADER | |
|---|---|
| fixed length control field | 02569cam a22003615a 4500 |
| 001 - CONTROL NUMBER | |
| control field | 016746724 |
| 003 - CONTROL NUMBER IDENTIFIER | |
| control field | Uk |
| 005 - DATE AND TIME OF LATEST TRANSACTION | |
| control field | 20201128023802.0 |
| 008 - FIXED-LENGTH DATA ELEMENTS--GENERAL INFORMATION | |
| fixed length control field | 150519t2015 nyua frbd 001|0|eng|d |
| 015 ## - NATIONAL BIBLIOGRAPHY NUMBER | |
| National bibliography number | GBB5D7608 |
| Source | bnb |
| 016 7# - NATIONAL BIBLIOGRAPHIC AGENCY CONTROL NUMBER | |
| Record control number | 016746724 |
| Source | Uk |
| 020 ## - INTERNATIONAL STANDARD BOOK NUMBER | |
| International Standard Book Number | 9781259073649 |
| 020 ## - INTERNATIONAL STANDARD BOOK NUMBER | |
| International Standard Book Number | 1259073645 |
| 040 ## - CATALOGING SOURCE | |
| Original cataloging agency | StDuBDS |
| Language of cataloging | eng |
| Transcribing agency | StDuBDS |
| Modifying agency | EG-ScBUE |
| 082 04 - DEWEY DECIMAL CLASSIFICATION NUMBER | |
| Classification number | 658.1511 |
| Item number | HIL |
| Edition number | 22 |
| 100 #1 - MAIN ENTRY--PERSONAL NAME | |
| Personal name | Hilton, Ronald W. |
| 9 (RLIN) | 29366 |
| 245 10 - TITLE STATEMENT | |
| Title | Managerial accounting : |
| Remainder of title | creating value in a dynamic business environment / |
| Statement of responsibility, etc | Ronald W. Hilton, David E. Platt. |
| 250 ## - EDITION STATEMENT | |
| Edition statement | 10th ed., global ed. |
| 260 ## - PUBLICATION, DISTRIBUTION, ETC. (IMPRINT) | |
| Place of publication, distribution, etc | New york : |
| Name of publisher, distributor, etc | McGraw-Hill Education, |
| Date of publication, distribution, etc | c.2015. |
| 300 ## - PHYSICAL DESCRIPTION | |
| Extent | xxxvi, 809 p. |
| Other physical details | ill. ; |
| Dimensions | 28 cm. |
| 500 ## - GENERAL NOTE | |
| General note | Indexes : p. 797-809. |
| 500 ## - GENERAL NOTE | |
| General note | Glossary ; p. 784-795. |
| 504 ## - BIBLIOGRAPHY, ETC. NOTE | |
| Bibliography, etc | Bibliography : p. 781-783. |
| 505 ## - FORMATTED CONTENTS NOTE | |
| Formatted contents note | Chapter 1: The Changing Role of Managerial Accounting in a Dynamic Business Environment -- Chapter 2: Basic Cost Management Concepts -- Chapter 3: Product Costing and Cost Accumulation in a Batch Production Environment -- Chapter 4: Process Costing and Hybrid Product-Costing Systems -- Chapter 5: Activity-Based Costing and Management -- Chapter 6: Activity Analysis, Cost Behavior, and Cost Estimation -- Chapter 7: Cost-Volume-Profit Analysis -- Chapter 8: Variable Costing and the Costs of Quality and Sustainability -- Chapter 9: Financial Planning and Analysis: The Master Budget Chapter 10: Standard Costing and Analysis of Direct Costs -- Chapter 11: Flexible Budgeting and Analysis of Overhead Costs -- Chapter 12: Responsibility Accounting, Operational Performance Measures, and the Balanced Scorecard -- Chapter 13: Investment Centers and Transfer Pricing -- Chapter 14: Decision Making: Relevant Costs and Benefits -- Chapter 15: Target Costing and Cost Analysis for Pricing Decisions -- Chapter 16: Capital Expenditure Decisions -- Chapter 17: Allocation of Support Activity Costs and Joint Costs. |
| 520 ## - SUMMARY, ETC. | |
| Summary, etc | Presents the coverage of contemporary topics such as activity-based costing, target costing, the value chain, customer profitability analysis, and throughput costing while also including traditional topics such as job-order costing, budgeting, and performance evaluation. |
| 590 ## - LOCAL NOTE (RLIN) | |
| Local note | Sameh added Item |
| 650 #7 - SUBJECT ADDED ENTRY--TOPICAL TERM | |
| Topical term or geographic name as entry element | Managerial accounting. |
| Source of heading or term | BUEsh |
| 9 (RLIN) | 1343 |
| 651 ## - SUBJECT ADDED ENTRY--GEOGRAPHIC NAME | |
| Source of heading or term | BUEsh |
| 653 ## - INDEX TERM--UNCONTROLLED | |
| Resource For college | BAEPS, Business Administration |
| Arrived date list | August 2016 |
| -- | November2016 |
| 700 #1 - ADDED ENTRY--PERSONAL NAME | |
| Personal name | Platt, David E. |
| 9 (RLIN) | 29369 |
| 856 ## - ELECTRONIC LOCATION AND ACCESS | |
| Uniform Resource Identifier | <a href="http://highered.mheducation.com/sites/1259073645/information_center_view0/index.html">http://highered.mheducation.com/sites/1259073645/information_center_view0/index.html</a> |
| Link text | Online learning center |
| 942 ## - ADDED ENTRY ELEMENTS (KOHA) | |
| Source of classification or shelving scheme | Dewey Decimal Classification |
| Withdrawn status | Item status | Source of classification or shelving scheme | Damaged status | Not for loan | Vendor | Home library | Current library | Shelving location | Date acquired | Source of acquisition | Cost, normal purchase price | Serial Enumeration / chronology | Total Checkouts | Total Renewals | Full call number | Barcode | Date last seen | Date last borrowed | Cost, replacement price | Koha item type |
|---|---|---|---|---|---|---|---|---|---|---|---|---|---|---|---|---|---|---|---|---|
| Dewey Decimal Classification | Baccah | Central Library | Central Library | First floor | 09/08/2016 | Purchase | 394.00 | 25846 | 1 | 3 | 658.1511 HIL | 000033104 | 15/07/2025 | 26/12/2017 | 492.50 | Book - Borrowing | ||||
| Dewey Decimal Classification | Baccah | Central Library | Central Library | First floor | 09/08/2016 | Purchase | 394.00 | 25846 | 1 | 658.1511 HIL | 000033103 | 15/07/2025 | 25/09/2016 | 492.50 | Book - Borrowing | |||||
| Dewey Decimal Classification | Baccah | Central Library | Central Library | First floor | 02/11/2016 | Purchase | 394.00 | 3642 | 1 | 1 | 658.1511 HIL | 000034251 | 15/07/2025 | 06/02/2018 | 493.00 | Book - Borrowing |